Επίμαχες έννοιες της ευρωπαϊκης ενωσιακής τάξης : μεθοδολογική συμβολή στην ερμηνεία της Συνθήκης για την Ευρωπαϊκή Ένωση
Αποθηκεύτηκε σε:
| Κύριος συγγραφέας: | |
|---|---|
| Μορφή: | Βιβλίο |
| Γλώσσα: | Greek |
| Δημοσίευση: |
Αθήνα :
Αντ. Ν. Σάκκουλα,
1997
|
| Θέματα: | |
| Ετικέτες: |
Προσθήκη ετικέτας
Δεν υπάρχουν, Καταχωρήστε ετικέτα πρώτοι!
|
MARC
| LEADER | 00000cam a2200000 i 4500 | ||
|---|---|---|---|
| 001 | 1/97590 | ||
| 008 | 991222s1997 gre d | ||
| 020 | |a 960-232-725-1 | ||
| 035 | |l 10056194 | ||
| 040 | |a GR-MY-UA |b gre |e aacr | ||
| 041 | 0 | |a gre | |
| 082 | 0 | |a 340.094 | |
| 100 | 1 | |a Τσάτσος, Δημήτρης Θ., |d 1933-2010. | |
| 245 | 1 | 0 | |a Επίμαχες έννοιες της ευρωπαϊκης ενωσιακής τάξης : |b μεθοδολογική συμβολή στην ερμηνεία της Συνθήκης για την Ευρωπαϊκή Ένωση / |c Δημήτρης Θ. Τσάτσος |
| 260 | |a Αθήνα : |b Αντ. Ν. Σάκκουλα, |c 1997 | ||
| 300 | |a 86 σ. | ||
| 610 | 2 | 0 | |a European Union. |
| 650 | 0 | |a Constitutional law |z European Union countries. | |
| 650 | 0 | 0 | |a Democracy |z European Union countries. |
| 852 | |a INST |b LESVOS |e 19991222 |h 340.094 ΤΣΑ |p 005100022279 |q 005100022279 |t BK |y 0 | ||
| 901 | |a BIBL1-2000-1 | ||
| 922 | |a 1ΕΛΗ |b 199912 |c ΤΑΚ/ΤΚ |d ΠΑΠΑΣΩΤΗΡΙΟΥ | ||
| 950 | |a 103-1999-11-11 | ||
| 970 | |a ΤΖΑΦΕΡΗ |b ΕΥΑΓΓΕΛΙΑ |z 2000/01/04 | ||